000 00553nam a22001817a 4500
999 _c15962
_d15962
003 AR-CdUCM
008 190430b ||||| |||| 00| 0 spa d
040 _aMUNICIPALIDAD PROVINCIAL DEL CUSCO
_cBIBLIOTECA MUNICIPAL DEL CUSCO
082 _aC / 017.869 /
_bT25
100 _aTauro, Alberto
_911692
245 _aHacia un catálogo de seudonimos peruanos /
260 _aLima :
_bUNMSM,
_c1967.
300 _a66 páginas ;
_c25 cm.
505 _aCatálogo de seudonimos peruanos.
650 _aCatálogo.
_912543
942 _2ddc
_cLIBROS
945 _awfj